Responses for Show #7110 - Friday, July 10, 2015

Contestants

[<< previous game]

H.B. Taylor, a collaboration solution specialist from McKinney, Texas

Rob Seidenwurm, a real estate attorney from San Diego, California

Kathy Riley, a retired college professor from Winter Haven, Florida (whose 1-day cash winnings total $8,401)

[next game >>]

Jeopardy! Round responses

MIXED BERRIES
OFFICIAL STATE MOTTOES
BOOK SEQUELS
(Alex: Next, we'll give you the book sequel. You give us the preceding book.)
LIVE "LONG"
PROSPER
LEONARD NIMOY
    $200 1
a blueberry

Rob
    $200 28
"United we stand, divided we fall"

Rob
    $200 6
Rosemary's Baby

Kathy
    $200 16
the long jump

Rob
    $200 27
Microsoft

H.B.
    $200 30
Vulcan

H.B.
    $400 7
Knott's Berry Farm

Kathy
    $400 23
Virginia

Triple Stumper
    $400 2
Lonesome Dove

Rob
    $400 15
longitude

H.B.
    $400 22
[This clue is rendered in all-caps in the J! Archive to emphasize the original clue's lowercasing of all the "i"s.]

Pixar

Kathy
    $400 25
The Twilight Zone

H.B.
    $600 8
juniper berries

Rob
    $600 19
breathe

Kathy
    $600 3
Bridget Jones's Diary

Rob
    $600 9
a long-play record

H.B.
    $600 12
[Alex reads"Au!" as "'ey you!"]

Goldman Sachs

H.B.
    $600 24
Transformers

Rob
    $800 17
elderberries

Rob
    $2,000 20
a peninsula

Kathy
    $800 4
The Guns of Navarone

Rob
    $800 10
Long John Silver

Kathy
    $800 13
(Cornelius) Vanderbilt

Rob
    $800 26
(Kathy: What is Three Bachelors and a Baby?)

Three Men and a Baby

KathyRob
    $1000 18
a salmonberry

Rob
    $1000 21
"Crossroads of America"

Rob
    $1000 5
101 Dalmatians

H.B.
    $1000 11
Long Island

Rob
    $1000 14
Carlos Slim

H.B.
    $1000 29
In Search of...

H.B.

Scores at the first commercial break (after clue 16):

Kathy Rob H.B.
$1,400 $4,600 $3,600

Scores at the end of the Jeopardy! Round:

Kathy Rob H.B.
$3,600 $9,000 $5,400

Double Jeopardy! Round responses

TIME FOR YOUR FORMULA
COLLEGE PEOPLE
TV
MIDDLE EASTERN CAPITALS
HISTORIC OBJECTS
2- OR 12-LETTER WORDS
    $400 6
(Rob: Who is Houston?)
...
(Alex: If it isn't Houston, it's [*]. Yeah.)

Austin

Rob
Triple Stumper
    $400 1
Romulus & Remus

Kathy
    $400 26
[Alex reads the clue as "A shortened form of a word used to represent the whole".]
[The end-of-round signal sounds.]

abbreviation

H.B.
    $3,700 18
(Rob: What is... weston carbon? I don't know.)
...
(Alex: Wolfram.)

tungsten carbide

Rob
    $800 7
(Rob: What is Western? University?)

Western Reserve

Rob
Triple Stumper
    $800 11
(Olivia) Wilde

H.B.
    $800 21
(Alex: With less than a minute to go, you are right.)

Jerusalem

Kathy
    $800 2
(Rob: What is 1812?)
...
(Alex: It was in the War of 1812, obviously.)

1814

Rob
Triple Stumper
    $800 23
la

H.B.
    $1200 19
iron phosphate

H.B.
    $1200 8
Howard

Kathy
    $1200 10
Saturday Night Live

Kathy
    $1200 15
Baghdad

Rob
    $1200 3
Agamemnon

Kathy
    $1200 22
da

Triple Stumper
    $1600 20
sulfuric

Kathy
    $1600 9
(Kathy: What is Seton Hill?)

Seton Hall

KathyRob
    $1600 12
The Odd Couple

Kathy
    $1600 16
Riyadh

Rob
    $2,000 4
(Alex: Kathy?)
(Kathy: What is El Wadi?)
(Alex: No, it's called the [*] Stone, and that was the name of the village. The [*] Stone. You can see it in London at the British Museum.)

Rosetta

Kathy
    $1600 24
ye

Kathy
    $2000 13
Ball State

H.B.
    $2000 14
Big Brother

Rob
    $2000 17
(Rob: What is Doha?)

Muscat

Rob
Triple Stumper
    $2000 5
Aramaic

Kathy
    $2000 25
echolocation

H.B.

Scores at the end of the Double Jeopardy! Round:

Kathy Rob H.B.
$11,600 $7,700 $12,600

[wagering suggestions for these scores]

Final Jeopardy! Round responses

19th CENTURY BRITISH LITERATURE
(Alex: The creation was referred to as the monster or the creature.)
RobWho was Milton?
$2,371
KathyWho is Frankensta
$3,801
H.B.Who is Frak Frankenstein?
$10,601
Frankenstein

Final scores:

Kathy Rob H.B.
$7,799 $5,329 $23,201
2nd place: $2,000 3rd place: $1,000 New champion: $23,201

Game dynamics:

Coryat scores:

Kathy Rob H.B.
$12,400 $11,400 $12,600
15 R
(including 1 DD),
3 W
(including 1 DD)
18 R,
5 W
(including 1 DD)
15 R,
0 W

Combined Coryat: $36,400

[game clues] [game scores] [suggest correction]

Game tape date: Unknown
The J! Archive is created by fans, for fans. Scraping, republication, monetization, and malicious use prohibited; this site may use cookies and collect identifying information. See terms. The Jeopardy! game show and all elements thereof, including but not limited to copyright and trademark thereto, are the property of Jeopardy Productions, Inc. and are protected under law. This website is not affiliated with, sponsored by, or operated by Jeopardy Productions, Inc. Join the discussion at JBoard.tv.